人口1万人以上を選べ -北海道- - Statistics

General Stats
  • This quiz has been taken 15 times
  • The average score is 14 of 24
Answers on the Grid
Answers color-coded by a green-red scale on the quiz's grid according to % correct below.
斜里町
厚岸町
余市町
奈井江町
浜中町
夕張市
栗山町
弟子屈町
沼田町
枝幸町
浦河町
釧路町
日高町
新ひだか町
清水町
士幌町
倶知安町
赤平市
美瑛町
芦別市
標津町
遠軽町
八雲町
音更町
森町
美幌町
湧別町
中標津町
ニセコ町
三笠市
白老町
砂川市
足寄町
新得町
当別町
別海町
岩内町
むかわ町
留萌市
長万部町
大樹町
江差町
白糠町
せたな町
当麻町
七飯町
歌志内市
芽室町
幕別町
 
Answer Stats
Answer % Correct
砂川市
85%
新ひだか町
77%
八雲町
77%
音更町
77%
留萌市
77%
倶知安町
69%
芦別市
69%
遠軽町
69%
七飯町
69%
斜里町
62%
余市町
62%
釧路町
62%
中標津町
62%
当別町
62%
森町
54%
別海町
54%
浦河町
46%
日高町
46%
白老町
46%
幕別町
46%
美幌町
38%
岩内町
38%
芽室町
38%
栗山町
31%
No matching quizzes found
Score Distribution
Percent of People with Each Score
Percentile by Number Answered
Your Score History
You have not taken this quiz